|
|
|
|
| LEADER |
00820nab a2200229 i 4500 |
| 001 |
misc65466 |
| 005 |
20241003111427.0 |
| 008 |
230606s1922 hu o 000 fre d |
| 040 |
|
|
|a SZTE Miscellanea Repozitórium
|b hun
|
| 041 |
|
|
|a fre
|
| 100 |
1 |
|
|a Rostovcev Mihail Ivanovič
|
| 245 |
1 |
4 |
|a Les origines de la Russie Kiévienne
|h [elektronikus dokumentum] /
|c Rostovcev Mihail Ivanovič
|
| 260 |
|
|
|a Impr. Nationale
|b Paris
|c 1922
|
| 300 |
|
|
|a 5-18
|c 24 cm
|
| 300 |
|
|
|a [14] p.
|c 24 cm
|
| 490 |
0 |
|
|a Revue des Études Slaves
|
| 561 |
|
|
|a Németh Gyula hagyaték
|
| 591 |
|
|
|a NOH 4926
|
| 650 |
|
4 |
|a Bölcsészettudományok
|
| 650 |
|
4 |
|a Történettudomány és régészet
|
| 695 |
|
|
|a Kiev története - középkor, Kijevi Rusz története
|
| 856 |
4 |
0 |
|u http://misc.bibl.u-szeged.hu/65466/1/4926_noh.pdf
|z Dokumentum-elérés
|